Doja Cat Songs A-Z - Statistics

General Stats
  • This quiz has been taken 50 times
  • The average score is 15 of 23
Answer Stats
Hint Answer % Correct
A All nighter/addiction/ain't shit/alone/agora hills/attention/acknowledgeme/aaahh men!/all mine/acts of service/anything you want
97%
P Payday/paint the town red/pussy talk/piss
91%
S So high/say so/streets/shine/skull and bones/shutcho/stranger/silly!fun!/shimmy/shifty/scoop
91%
W Wine pon you/wild beach/won't bite/woman/why why/wet vagina/WYMFreestyle
88%
B Beautiful/body language/bottom bitch/better than me/been like this/balut/boss bitch/baby I'm jealous/best friend/born again
85%
C Control/cookie jar/candy/casual/cyber sex/can't wait/cards/couplestherapy/come back/celebrity skin
79%
G Go to town/game/get into it/gun/go off/gorgeous/go girl
76%
J Juicy/jealous type/just us
76%
N Nunchucks/no police/naked/need to know/NHIE
76%
T Tia tamera/talk dirty/tonight/take me dancing/the wave
76%
K Kiss me more/kill bill
73%
M Morning light/mooo!/masc/make it up/motive
73%
D Down low/demons/disrespectful/dick/del mar/do it
64%
Y You right/you're the one that I want
64%
I I don't do drugs/imagine/in your eyes/I like you/icy hot
58%
L Like that/love to dream/love life/lipstain/lose my mind
58%
O Options/ouchies/often/okloser/one more time
52%
R Roll with us/rules/ride
52%
9 97
48%
F Fancy/fuck the girls/freaky deaky
42%
V Vegas
42%
H Headhigh/happy/handstand
36%
U Up and down/urrrge!!!
36%
No matching quizzes found
Score Distribution
Percent of People with Each Score
Percentile by Number Answered
Your Score History
You have not taken this quiz